Detalles MARC
| 000 -LÍDER |
| Campo fijo de descripción fija |
01518nam a2200373 i 4500 |
| 001 - NÚMERO DE CONTROL |
| Campo de control |
BINCO |
| 003 - IDENTIFICADOR DEL NÚMERO DE CONTROL |
| Campo de control |
CO-MdBIC |
| 005 - FECHA Y HORA DE LA ULTIMA TRANSACCIÓN |
| control field |
20230207152639.0 |
| 008 - ELEMENTOS DE LONGITUD FIJA -- INFORMACIÓN GENERAL |
| Campo fijo de descripción fija -- Información general |
060508s2006 sp | ||| ||spa |
| 017 ## - COPYRIGHT OR LEGAL DEPOSIT NUMBER |
| Copyright or legal deposit number |
B 50898-2005 |
| Assigning agency |
Oficina Depósito Legal Barcelona |
| 020 ## - NÚMERO INTERNACIONAL NORMALIZADO PARA LIBROS |
| Número Internacional Normalizado del libro |
8471766396 |
| 040 ## - FUENTE DE CATALOGACIÓN |
| Agencia de catalogación original |
SpMaBN |
| Idioma de catalogación |
spa |
| Agencia que realiza la transcripción |
CO-MdBIC |
| Convenciones de la descripción |
rdc |
| Agencia que realiza la modificación |
CO-MdBIC |
| 041 ## - CÓDIGO DE IDIOMA |
| Código de idioma para texto/pista de sonido o título separado |
spa |
| 082 ## - NÚMERO DE CLASIFICACIÓN DECIMAL DEWEY |
| Número de clasificación |
863 |
| 100 1# - ASIENTO PRINCIPAL--NOMBRE PERSONAL |
| Nombre personal |
Denou, Violeta |
| Authority record control number |
XX900124 |
| 245 10 - TÍTULO |
| Título del Material |
Teo se disfraza |
| Mención de responsabilidad, etc. |
/ [ilustraciones, Violeta Denou ; guía didáctica, Isabel Martí] |
| 250 ## - MENCIÓN DE EDICIÓN |
| Mención de edición |
Nueva versión, Segunda impresión. |
| 264 ## - PRODUCCIÓN, PUBLICACIÓN, DISTRIBUCIÓN, MANUFACTURA, Y COPYRIGHT |
| Lugar de producción, publicación, distribución, manufactura |
Barcelona, España : |
| Nombre del productor, publicador, distribuidor |
Timun Mas, |
| Fecha de producción, publicación, distribución, manufactura, o copyright |
2006 |
| 300 ## - DESCRIPCIÓN FÍSICA |
| Extensión |
[28] páginas |
| Otros detalles físicos |
ilustraciones a color |
| Dimensiones |
26 cm. |
| 490 1# - MENCIÓN DE SERIE |
| Mención de serie |
Teo descubre el mundo |
| 650 #7 - ASIENTO SECUNDARIO DE MATERIA - TERMINO TEMÁTICO |
| 9 (RLIN) |
7089 |
| Término temático o nombre geográfico como elemento de entrada |
Literatura española |
| 700 1# - ASIENTO SECUNDARIO - NOMBRE PERSONAL |
| Nombre personal |
Martí, Isabel |
| Responsabilidad |
didacta |
| 700 1# - ASIENTO SECUNDARIO - NOMBRE PERSONAL |
| Nombre personal |
Denou, Violeta |
| Responsabilidad |
Ilustrador |
| 942 ## - TIPO DE MATERIAL (KOHA) |
| Tipo de Item KOHA |
Z- Libro General BINCO |
| 956 ## - LOCAL ELECTRONIC LOCATION AND ACCESS (OCLC) |
| Host name |
2 |
| 980 ## - EQUIVALENCE OR CROSS-REFERENCE-SERIES STATEMENT--PERSONAL NAME/TITLE [LOCAL, CANADA] |
| Personal name |
B 50898-2005 |
| -- |
84-7176-639-6 |
| -- |
SpMaBN |
| Numeration |
BNALCALA |
| Attribution qualifier |
AHMO/195880 |
| Titles and other words associated with a name |
SG_PETANTI |
| 980 ## - EQUIVALENCE OR CROSS-REFERENCE-SERIES STATEMENT--PERSONAL NAME/TITLE [LOCAL, CANADA] |
| Personal name |
B 50246-2006 |
| -- |
978-84-7176-639-7 (ISBN único) |
| -- |
SpMaBN |
| Numeration |
BNALCALA |
| Attribution qualifier |
AHM/859620 |
| Titles and other words associated with a name |
SG_PETANTI |
| 980 ## - EQUIVALENCE OR CROSS-REFERENCE-SERIES STATEMENT--PERSONAL NAME/TITLE [LOCAL, CANADA] |
| Personal name |
B 50246-2006 |
| -- |
978-84-7176-639-7 (ISBN único) |
| -- |
SpMaBN |
| Numeration |
BNALCALA |
| Attribution qualifier |
AHMO/268385 |
| Titles and other words associated with a name |
SG_PETANTI |
| 980 ## - EQUIVALENCE OR CROSS-REFERENCE-SERIES STATEMENT--PERSONAL NAME/TITLE [LOCAL, CANADA] |
| Personal name |
B 50898-2005 |
| -- |
84-7176-639-6 |
| -- |
SpMaBN |
| Numeration |
BNALCALA |
| Attribution qualifier |
12/361209 |
| Titles and other words associated with a name |
SG_PETANTI |
| 980 ## - EQUIVALENCE OR CROSS-REFERENCE-SERIES STATEMENT--PERSONAL NAME/TITLE [LOCAL, CANADA] |
| Personal name |
B 50898-2005 |
| -- |
84-7176-639-6 |
| -- |
SpMaBN |
| Numeration |
BNALCALA |
| Attribution qualifier |
DL/1471772 |
| Titles and other words associated with a name |
CONSERVACI |
| 980 ## - EQUIVALENCE OR CROSS-REFERENCE-SERIES STATEMENT--PERSONAL NAME/TITLE [LOCAL, CANADA] |
| Personal name |
B 50246-2006 |
| -- |
978-84-7176-639-7 (ISBN único) |
| -- |
SpMaBN |
| Numeration |
BNALCALA |
| Attribution qualifier |
DL/1562032 |
| Titles and other words associated with a name |
CONSERVACI |